000 00563nam a2200217Ia 4500
003 OSt
005 20220924153555.0
006 a|||||r|||| 00| 0
007 ta
008 220923b |||||||| |||| 00| 0 mar d
024 _a350805
037 _cTextual
040 _aARTS
_cARTS
_bmar
041 _2mar
_amar
082 _aO155, L8
100 _aKulkarni Raghunath Purushottam Au.
_9229261
245 0 _aChar shulbsutre
260 _c1978
942 _hO155, L8
_cTEXL
_2CC
999 _c474102
_d474102